PROTOCOLS AND ARCHITECTURES FOR WIRELESS SENSOR NETWORKS. (Record no. 14602)

MARC details
000 -LEADER
fixed length control field 00342nam a22001457a 4500
003 - CONTROL NUMBER IDENTIFIER
control field SGT
020 ## - INTERNATIONAL STANDARD BOOK NUMBER
International Standard Book Number 978-81-265-3369-5
082 ## - DEWEY DECIMAL CLASSIFICATION NUMBER
Classification number 621.38212
Item number KAR
100 ## - MAIN ENTRY--PERSONAL NAME
Personal name KARL,HOLGER
245 ## - TITLE STATEMENT
Title PROTOCOLS AND ARCHITECTURES FOR WIRELESS SENSOR NETWORKS.
260 ## - PUBLICATION, DISTRIBUTION, ETC. (IMPRINT)
Place of publication, distribution, etc NEW DELHI
Name of publisher, distributor, etc WILEY
Year of Publication 2015
300 ## - PAGE DESCRIPTION
No. of Pages 497
650 ## - SUBJECT ADDED ENTRY--TOPICAL TERM
Topical term or geographic name as entry element CSE
942 ## - ADDED ENTRY ELEMENTS (KOHA)
Source of classification or shelving scheme Dewey Decimal Classification
Koha item type Books
Holdings
Withdrawn status Lost status Source of classification or shelving scheme Damaged status Not for loan Collection code Home library Current library Shelving location Date acquired Vendor Name Cost, normal purchase price SGTU Bill Number Total Checkouts Full call number Accession No. (Barcode) Date last seen Bill Date Koha item type
    Dewey Decimal Classification     ENGINEERING SGT Engineering Library SGT Engineering Library Text Book 17/01/2018 KIRTI PRAKASHAN (NEW DELHI ) 719.00 SGTU IN1297   621.38212 KAR FE6996 17/01/2018   Books
    Dewey Decimal Classification     ENGINEERING SGT Engineering Library SGT Engineering Library Text Book 17/01/2018 KIRTI PRAKASHAN (NEW DELHI ) 719.00 SGTU IN1297   621.38212 KAR FE6997 14/08/2019   Books
    Dewey Decimal Classification     ENGINEERING SGT Engineering Library SGT Engineering Library Text Book 17/01/2018 KIRTI PRAKASHAN (NEW DELHI ) 719.00 SGTU IN1297   621.38212 KAR FE6998 17/01/2018   Books
    Dewey Decimal Classification     ENGINEERING SGT Engineering Library SGT Engineering Library Text Book 17/01/2018 KIRTI PRAKASHAN (NEW DELHI ) 719.00 SGTU IN1297   621.38212 KAR FE6999 17/01/2018   Books
    Dewey Decimal Classification     ENGINEERING SGT Engineering Library SGT Engineering Library Text Book 17/01/2018 KIRTI PRAKASHAN (NEW DELHI ) 719.00 SGTU IN1297   621.38212 KAR FE7000 17/01/2018   Books